| 000 | 00643nam a2200181 i 4500 | ||
|---|---|---|---|
| 001 | 182631 | ||
| 003 | ES-MaACL | ||
| 005 | 20231026160900.0 | ||
| 008 | 131007s2012 sp |||| | spa d | ||
| 110 | 2 |
_aUnión de Pequeños Agricultores y Ganaderos. _9153558 |
|
| 245 | 1 | 0 |
_aUPA _b: veinticinco años de sindicalismo agrario progresista. |
| 260 |
_a[S.l. ] : _bUnión de Pequeños Agricultores y Ganaderos, _c[2012] |
||
| 300 |
_a352 p. : _bil. ; _c26 cm. |
||
| 650 | 4 |
_aAgricultura- _zEspaña- _yS.XX. _9146547 |
|
| 852 |
_aES-MaACL _jA-12871 _9189547 _bR.149081 _cDEPO1 _dOlim: N-5871 |
||
| 942 |
_2udc _cMONOGRAFIA |
||
| 999 |
_c182631 _d182631 |
||